Undertale, Deltarune, and Undertale Yellow Pop Culture Quiz - Statistics

General Stats
  • This quiz has been taken 250 times
    50 since last reset
  • The average score is 10 of 23
Answer Stats
Hint Answer % Correct
human, i remember you're... genocides
93%
In this world it's ____ or be ____ed kill
93%
Who said something similar to "GOD FREAKING DAMMIT KRIS WHERE THE HELL ARE WE?" Susie
82%
Friend ______ __ inside me
80%
The king's ______ cannot be stopped chariot
78%
Deltarune... tomorrow
71%
Who says "doobie" Ralsei
60%
YOUR _____ ___ ____ TAKING TOO LONG
58%
Say "it didn't happen," or "it didn't snow" It snew
56%
What song goes in the tune of "Bad Romance" Undertale the Musical
47%
Screw being a ________ pacifist
44%
Trial by ____ Fury/Furry/Hummer
38%
How much does a hot dog cost at Costco in USD? $1.50
29%
Based on the above answers, how many G are in a dollar? 20
27%
Worst ship Frans
27%
Am I right lads or am I right lads? You are right lad!
27%
Hey _____, check out my new cut! Clover
24%
Absolute ____ lamp
24%
What song does Sans cry in after he says "well this stinks..." Faded by Alan Walker
20%
I like the ____ block in Tetris! blue
18%
What is the one Undertale mod that created an entire ship? Undertale Red & Yellow
13%
How much does a hot dog cost? 30G
11%
___ tuah dog
9%
No matching quizzes found
Score Distribution
Percent of People with Each Score
Percentile by Number Answered
Your Score History
You have not taken this quiz since the last reset